Pokémon - Charade #1 - Statistiques

Statistiques générales
  • Ce quiz a été pris 142 fois
  • Le résultat moyen est 5 sur 10
Statistiques - réponses
Indice Pokémon Réponse % Correct
On écrit au tableau avec mon premier. Mon deuxième n'est pas vrai. Mon troisième est produit par des mammifères. Créfollet Craie Faux Lait
90%
Mon premier est le département ayant Bourg-en-Bresse comme chef-lieu. Mon deuxième n'est pas humide. Avoir mon troisième signifie que l'on est pressé. Mon quatrième est équivalent à 3600 secondes. Insécateur Ain Sec Hâte Heure
80%
Mon premier peut être Tatin. Dans la classification de mon second, le cinéma est la septième catégorie. Tartard Tarte Art
78%
Mon premier n'est plus malade. Mon second est un rapace. Gueriaigle Guéri Aigle
73%
Les oiseaux construisent mon premier. Mon deuxième est une note de musique. L'Inde, le Viêt Nam et la Thaïlande sont les trois plus gros exportateurs de mon troisième. Mon quatrième est le refus d'un Malaguène. Nidorino Nid Do Riz No
66%
Mon premier n'est pas propre. Dans la classification de mon deuxième, l'architecture est la première catégorie. Mon troisième est le fleuve sur lequel se trouve l'Île de la Cité. Salarsen Sale Art Seine
59%
Mon premier n'est pas tard. Mon deuxième est comparé à un pinson. Mon troisième est égal à 4*arctan(1). Togepi Tôt Gai π
30%
Sans mon premier, la mort est assurée. Les mains se situent au bout de mon deuxième. Mon troisième est une divinité féminine dans la mythologie grecque et romaine. Vibraninf Vie Bras Nymphe
27%
Mon premier désigne une série de sièges placés côte à côte. Mon deuxième vient après la guerre. Mon troisième est la monnaie utilisée en Roumanie. Rampe-Ailes Rang Paix Leu
12%
Mon premier est une plante avec des feuilles piquantes. On tourne en rond lorsqu'on fait 100 fois mon second. Hoopa Houx Pas
6%
Aucun quiz correspondant
Distribution des résultats
% des personnes avec chaque résultat
Percentile par nombre de réponses
Votre historique - résultats
Vous n’avez pas pris ce quiz